Normal view
MARC view
- Pilkey, Orrin H.,
Entry Personal Name
001 - CONTROL NUMBER
- control field: 15468
003 - CONTROL NUMBER IDENTIFIER
- control field: OSt
005 - DATE AND TIME OF LATEST TRANSACTION
- control field: 20260205153530.0
008 - FIXED-LENGTH DATA ELEMENTS
- fixed length control field: 260205|| aca||aabn | a|a d
040 ## - CATALOGING SOURCE
- Original cataloging agency: OSt
- Transcribing agency: OSt
100 ## - HEADING--PERSONAL NAME
- Personal name: Pilkey, Orrin H.,
- Dates associated with a name: 1934-
670 ## - SOURCE DATA FOUND
- Source citation: Work cat.: (OSt)6088: Pilkey, Orrin H., 1934-, Global climate change :, c2011.